Normal view
MARC view
- Resnick, Robert.
Entry Personal Name
001 - CONTROL NUMBER
- control field: 8684
003 - CONTROL NUMBER IDENTIFIER
- control field: NUST
005 - DATE AND TIME OF LATEST TRANSACTION
- control field: 20180118121338.0
008 - FIXED-LENGTH DATA ELEMENTS
- fixed length control field: 180118|| aca||aabn | a|a d
040 ## - CATALOGING SOURCE
- Original cataloging agency: NUST
- Transcribing agency: NUST
100 ## - HEADING--PERSONAL NAME
- Personal name: Resnick, Robert.
670 ## - SOURCE DATA FOUND
- Source citation: Work cat.: (NUST)30080: Halliday, David. 5033, Fundamentals of physics extended /, 2009.
